Statistics for Twelve Days Of Christmas Quiz

Click here to take the quiz!

General Stats

  • This quiz has been taken 10 times
  • The average score is 5 of 12

Answer Stats

DayGift% Correct
1A Partridge in a Pear Tree
100%
5Five Golden Rings
56%
4Four Calling Birds
56%
3Three French Hens
56%
2Two Turtle Doves
56%
10Ten Lords a-Leaping
33%
8Eight Maids a-Milking
22%
11Eleven Pipers Piping
22%
9Nine Ladies Dancing
22%
7Seven Swans a-Swimming
22%
12Twelve Drummers Drumming
11%
6Six Geese a-Laying Day Gift
0%

Score Distribution

Percentile by Number Answered

Percent of People with Each Score

Your Score History

You have not taken this quiz